LEADER 01466nam a2200313 i 4500 001 000000035178 003 CaOOAMICUS 005 20140306000000.0 008 140306s1987 it u000 u ita u 013 $a3103 020 $a88-399-1038-7 040 $aSeMil$bita 100 1 $aLohse, Eduard,$d<1924-2015>.$0(OLS)http://semarc/name/15929 240 10$aGrundriß er neutestamentlichen Theologie.$0(OLS)http://semarc/title/47985 245 10$aCompendio di teologia del Nuovo Testamento /$cEduard Lohse ; introduzione di Giuseppe Segalla ; edizione italiana a cura di Mario Masini ; traduzione dal tedesco di Gianni Poletti. 260 $aBrescia :$bQueriniana,$ccopyr. 1987. 300 $a241 p. ;$c24 cm. 490 0 $aStrumenti ;$v38 650 4$aTeologia biblica - NT.$0(OLS)http://semarc/subject/595 700 1 $aPoletti, Gianni.$0(OLS)http://semarc/name/16312 700 1 $aMasini, Mario,$d<1927- >.$0(OLS)http://semarc/name/11 700 1 $aSegalla, Giuseppe,$d<1932-2011>.$0(OLS)http://semarc/name/6026 830 0$aStrumenti ;$v38.$0(OLS)http://semarc/title/6054 850 $aSeMil 852 $aSeMil$W1$xVenegono$y1$m2Y II 162$j1333$B1333$CSeMilBibl$Z2$F1333 $81 961 $aAcquisto: Glossa (Libreria) 996 $6020$a88-399-1038-7$9(OLS)http://semarc/number/3257 996 $6245$aCompendio di teologia del Nuovo Testamento$9(OLS)http://semarc/title/47984 996 $6260$aBrescia :$bQueriniana$9(OLS)http://semarc/publisher/29615 LEADER 00856nam a2200229 i 4500 001 000000198748 003 CaOOAMICUS 005 20110309000000.0 008 110309s1947 it u000 u ita u 013 $a177438 040 $aSeMil$bita 100 1 $aDossetti, Giuseppe,$d<1913-1996>.$0(OLS)http://semarc/name/2981 245 10$aChiesa e Stato democratico /$cGiuseppe Dossetti. 260 $aRoma :$bServire,$c1947. 300 $a63 p. ;$c17 cm. 500 $aIn testa al front. : Democrazia integrale. 650 4$aChiesa e Stato.$0(OLS)http://semarc/subject/1242 850 $aSeMil 852 $aSeMil$W1$xVenegono$y1$m5D VIII 14/31$j149304$B149304$CSeMilBibl$Z2$F160673 $81 961 $aOmaggio: Altro 996 $6245$aChiesa e Stato democratico$9(OLS)http://semarc/title/287270 996 $6260$aRoma :$bServire$9(OLS)http://semarc/publisher/33683